00954 2200445 4500001002100000005001500021035002000036008004100056245005100097300002400148020002200172082000800194084001400202260004300216650001000259990001000269990001000279990001000289990001000299990001000309990001000319990001000329990001000339990001000349990001000359990001000369990001000379990001000389990001000399990001000409990001000419990001000429990001000439990001000449990001000459990001000469990001000479990001000489990000900499INLIS00000000000000220260226091044 a0010-1123000002231121 0 ind  aTuhan, Tunjukkan Jalan-Mu /cPudji Isdriani K. av, 194 hlm ;c21 cm a978-602-1735-79-4 a813 a813 PUD t aBekasi :bCV. Berkah Jasa Niaga,c2012 4aFiksi a1.002 a1.003 a1.004 a1.005 a1.006 a1.007 a1.008 a1.009 a1.010 a1.011 a1.012 a1.013 a1.014 a1.015 a1.016 a1.017 a1.018 a1.019 a1.020 a1.021 a1.022 a1.023 a1.024 a1001